Statistics for Crossword Puzzle - Asian Capitals

Click here to take the quiz!

General Stats

  • This quiz has been taken 138 times
  • The average score is 51 of 53

Answer Stats

Answer% Correct
{A}
99%
{E}
99%
{G}
99%
{I}
99%
{L}
99%
{O}
99%
2{S}
99%
{U}
99%
{A}
98%
{I}
98%
{J}
98%
{K}
98%
{O}
98%
{O}
98%
6{T}
98%
{Y}
98%
{A}
97%
{A}
97%
{E}
97%
1{P}
97%
7{B}
97%
{Y}
97%
{G}
96%
{K}
96%
{N}
96%
{N}
96%
{N}
96%
{R}
96%
3{M}
96%
5{J}
96%
{T}
96%
{L}
95%
{N}
95%
9{A}
95%
{Y}
95%
10{D}
94%
{A}
93%
{N}
93%
{R}
93%
4{K}
93%
{A}
92%
{A}
92%
{H}
92%
{H}
92%
{M}
92%
{A}
91%
{A}
91%
{K}
91%
8{B}
91%
{K}
90%
{N}
90%
{U}
90%
{U}
90%

Score Distribution

Percentile by Number Answered

Percent of People with Each Score

Your Score History

You have not taken this quiz